| 000 | 00933cam a22002775a 4500 | ||
|---|---|---|---|
| 001 | 16802761 | ||
| 005 | 20201128021323.0 | ||
| 008 | 110531s2011 nyua frb 001 0 eng d | ||
| 020 | _a9780273727279 (pbk.) | ||
| 040 |
_aDLC _beng _cDLC _dDLC _dEG-ScBUE |
||
| 082 | 0 | 4 |
_a330.9 _bMAC _222 |
| 100 | 1 |
_aMacKinnon, Danny. _92329 |
|
| 245 | 1 | 0 |
_aIntroduction to economic geography : _bglobalization, uneven development and place / _cDanny Mackinnon, Andrew Cumbers. |
| 250 | _a2nd ed. | ||
| 260 |
_aNew York : _bPearson Education Limited / Prentice Hall, _c2011. |
||
| 300 |
_axvi, 334 p. : _bill. (some col.) ; _c25 cm. |
||
| 500 | _aIndex : p. 325-334. | ||
| 504 | _aBibliography : p. 306-324. | ||
| 650 | 0 |
_aEconomic geography. _2BUEsh |
|
| 650 | 0 |
_aGlobalization. _2BUEsh |
|
| 651 | _2BUEsh | ||
| 653 |
_bBUSECO _cJune2015 _cAugust2015 |
||
| 655 |
_vreading book _934232 |
||
| 700 | 1 | _aCumbers, Andrew. | |
| 942 |
_2ddc _k330.9 MAC |
||
| 999 |
_c19804 _d19776 |
||